| 000 | 01148nam a22002537a 4500 | ||
|---|---|---|---|
| 005 | 2011080406576.0 | ||
| 008 | 090728t xxu||||| |||| 00| 0 pun d | ||
| 010 | _aPUN-7116 | ||
| 020 | _c22.00 | ||
| 035 | _aPN-6234 | ||
| 037 | _bDBAD / PUB | ||
| 040 |
_adpl _bpn |
||
| 082 | _a954.07 | ||
| 100 |
_924414 _aਕਰਨੈਲ ਸਿੰਘ |
||
| 245 |
_aਅੰਗਰੇਜ਼ਾਂ ਤੇ ਸਿੱਖਾਂ ਦੀਆਂ ਲਡ਼ਾਈਆੰ ਦੀ ਅਸਲ ਵਿਖਿਆ / _bਕਰਨੈਲ ਸਿੰਘ |
||
| 246 |
_aAngrejan te sikhan dian ladaiyan di asal vikhia _bby Karnail Singh |
||
| 260 |
_aਅੰਮ੍ਰਿਤਸਰ _bਧਰਮ ਪ੍ਰਚਾਰ ਕਮੇਟੀ (ਸ਼੍ਰੋਮਣੀ ਗੁਰਦੁਆਰਾ ਪ੍ਰਬੰਧਕ ਕਮੇਟੀ) _c2009 |
||
| 270 |
_aS.G.P.C. _bAmritsar _e143002 |
||
| 300 | 4 |
_a68p. _c22ਸੇਂਮੀ (ਸਜਿਲੱਦ) |
|
| 600 | _931401 | ||
| 700 | _935472 | ||
| 942 |
_2ddc _cPN _h954.07 _mਕਰਨੈ |
||
| 999 |
_c57626 _d57626 |
||